[Event "Ruhrgebiet VK1 0405"]
[Site "Ruhrgebiet"]
[Date "2005.04.10"]
[Round "9.1"]
[White "Ter Steeg, Marcus"]
[Black "Gorval, Eugen"]
[Result "0-1"]
[WhiteElo "1985"]
[BlackElo "2147"]
[PlyCount "94"]
[EventDate "2004.09.12"]
[EventType "team"]
[EventRounds "9"]
[EventCountry "GER"]
[SourceTitle "EXT 2006"]
[Source "ChessBase"]
[SourceDate "2005.11.24"]
[SourceVersion "1"]
[SourceVersionDate "2005.11.24"]
[SourceQuality "1"]
[WhiteTeam "Essen Werden"]
[BlackTeam "Brackel II"]
[WhiteTeamCountry "GER"]
[BlackTeamCountry "GER"]

1. d4 Nf6 2. c4 g6 3. Nc3 Bg7 4. e4 d6 5. Be2 0-0 6. Bg5 c6 7. Qd2 Re8 8. h4 h5 9. Nh3 Nbd7 10. f3 a6 11. 0-0-0 Qa5 12. Kb1 b5 13. Ka1 b4 14. Nb1 e5 15. d5 Nc5 16. Qe3 cxd5 17. cxd5 Nh7 18. Nd2 f5 19. Nc4 Qc7 20. Rc1 f4 21. Qf2 Bf8 22. g3 Bxh3 23. Rxh3 Nxg5 24. hxg5 fxg3 25. Rxg3 Qf7 26. Qe3 Be7 27. Bf1 Rf8 28. Nd2 Qf4 29. Qxf4 Rxf4 30. Be2 Kf7 31. Nb3 Ke8 32. Nxc5 dxc5 33. a3 Rb8 34. a4 Ra8 35. b3 Kd7 36. Rh1 Kd6 37. Kb2 a5 38. Kc2 Rh8 39. Kd3 h4 40. Rg2 Rh5 41. Kc4 Rf8 42. Kb5 c4 43. f4 Rh7 44. f5 Rc8 45. Kxa5 Kc5 46. Bxc4 Ra8+ 47. Ba6 Bd8# 0-1

[Event "Dortmund-ch"]
[Site "Dortmund"]
[Date "2005.03.10"]
[Round "6"]
[White "Gorval, Eugen"]
[Black "Henrichs, Thomas"]
[Result "0-1"]
[WhiteElo "2121"]
[BlackElo "2394"]
[PlyCount "142"]
[EventDate "2005.02.28"]
[EventType "swiss"]
[EventRounds "9"]
[EventCountry "GER"]
[SourceTitle "CBM 105 Extra"]
[Source "ChessBase"]
[SourceDate "2005.05.01"]
[SourceVersion "1"]
[SourceVersionDate "2005.05.01"]
[SourceQuality "1"]

1. e4 c5 2. Nf3 d6 3. d4 cxd4 4. Nxd4 Nf6 5. Nc3 a6 6. Be2 e6 7. 0-0 Be7 8. Be3 Qc7 9. Qd2 b5 10. f3 Nbd7 11. a4 b4 12. Na2 d5 13. e5 Nxe5 14. Nxb4 Bd6 15. g3 Bb7 16. b3 0-0 17. Rac1 Ng6 18. c4 Bxg3 19. f4 Ne4 20. cxd5 Qe7 21. Qd3 Qxb4 22. Qxe4 Bxd5 23. Qd3 Bh4 24. Bf3 Rfd8 25. Bxd5 Rxd5 26. Qe4 Bf6 27. Rc4 Qd6 28. b4 Ne7 29. b5 Bxd4 30. Rxd4 f5 31. Rxd5 Nxd5 32. Qd4 axb5 33. axb5 Qa3 34. Bc1 Qa7 35. Bb2 Kf7 36. Rc1 Qxd4+ 37. Bxd4 Rb8 38. b6 h6 39. h4 Nxb6 40. Rc7+ Kg6 41. Rc6 Nd5 42. Rxe6+ Kh5 43. Re5 Nxf4 44. Rxf5+ Kg4 45. Re5 Kxh4 46. Re4 g5 47. Bg7 h5 48. Kh2 Kg4 49. Re5 Rb2+ 50. Kg1 Re2 51. Ra5 Re6 52. Kh2 h4 53. Be5 Nd3 54. Bc7 Rc6 55. Ra4+ Kh5 56. Bd8 Rc2+ 57. Kg1 h3 58. Ra3 Rg2+ 59. Kf1 Rg3 60. Ra2 Re3 61. Kg1 Ne5 62. Bc7 Re1+ 63. Kh2 Kh4 64. Bxe5 Rxe5 65. Ra4+ g4 66. Rb4 Re2+ 67. Kh1 Kg3 68. Rb3+ Kf4 69. Rb4+ Kf3 70. Rb3+ Re3 71. Rb8 Re1+ 0-1

[Event "Dortmund-ch"]
[Site "Dortmund"]
[Date "2005.03.08"]
[Round "5"]
[White "Schiefelbusch, Dirk"]
[Black "Gorval, Eugen"]
[Result "0-1"]
[WhiteElo "2061"]
[BlackElo "2121"]
[PlyCount "98"]
[EventDate "2005.02.28"]
[EventType "swiss"]
[EventRounds "9"]
[EventCountry "GER"]
[SourceTitle "CBM 105 Extra"]
[Source "ChessBase"]
[SourceDate "2005.05.01"]
[SourceVersion "1"]
[SourceVersionDate "2005.05.01"]
[SourceQuality "1"]

1. b4 e5 2. Bb2 f6 3. b5 d5 4. e3 c5 5. d4 exd4 6. exd4 c4 7. c3 Bf5 8. Ne2 Qe7 9. Ba3 Qe6 10. Bxf8 Kxf8 11. Qd2 Nd7 12. Qe3 Qb6 13. a4 a6 14. Na3 Re8 15. Qf3 Be4 16. Qh3 Qd6 17. Kd2 Ne7 18. f3 Bf5 19. g4 Bd3 20. Qg3 Qe6 21. Nf4 Qb6 22. Nxd3 cxd3 23. Bxd3 Kf7 24. Rhe1 Qa5 25. Qd6 Nb6 26. Nc2 Nec8 27. Qb4 Qxb4 28. Nxb4 a5 29. Nc2 Rxe1 30. Nxe1 h5 31. h3 hxg4 32. hxg4 Rh2+ 33. Ke3 Nd6 34. Kf4 Rh1 35. Nc2 Rxa1 36. Nxa1 Nxa4 37. Nb3 b6 38. g5 Nxc3 39. gxf6 gxf6 40. Nxa5 bxa5 41. b6 Na4 42. b7 Nxb7 43. Bb5 Nc3 44. Bc6 a4 45. Bxb7 a3 46. Ba6 a2 47. Bd3 a1Q 48. Ke3 Qg1+ 49. Kd2 Qxd4 0-1

[Event "Dortmund-ch"]
[Site "Dortmund"]
[Date "2004.03.11"]
[Round "6"]
[White "Gorval, Eugen"]
[Black "Naundorf, Maik"]
[Result "1-0"]
[WhiteElo "2089"]
[BlackElo "2015"]
[PlyCount "75"]
[EventDate "2004.03.01"]
[EventType "swiss"]
[EventRounds "9"]
[EventCountry "GER"]
[SourceTitle "EXT 2006"]
[Source "ChessBase"]
[SourceDate "2005.11.24"]
[SourceVersion "1"]
[SourceVersionDate "2005.11.24"]
[SourceQuality "1"]

1. e4 c5 2. Nf3 e6 3. d4 cxd4 4. Nxd4 a6 5. Bd3 Bc5 6. Nb3 Be7 7. c4 d6 8. 0-0 Nf6 9. f4 Nbd7 10. Qe2 Qc7 11. Nc3 b6 12. a4 Bb7 13. Nd4 g6 14. Bd2 h5 15. Rac1 Rc8 16. b4 Qb8 17. Kh1 h4 18. Rf3 h3 19. Rxh3 Rxh3 20. gxh3 e5 21. Nc2 exf4 22. Bxf4 Ne5 23. Nd5 Nxd5 24. cxd5 Bf6 25. Bxa6 Bxa6 26. Qxa6 Rc3 27. Nd4 Rxc1+ 28. Bxc1 Kf8 29. Bh6+ Kg8 30. Bf4 Qe8 31. Qb5 Nc6 32. e5 dxe5 33. Qxc6 Qe7 34. d6 Qd8 35. d7 Kh7 36. Qd5 exd4 37. Qxf7+ Kh8 38. Be5 1-0

[Event "Dortmund op-B"]
[Site "Dortmund"]
[Date "2003.08.09"]
[Round "8"]
[White "Junggeburth, Josef"]
[Black "Gorval, Eugen"]
[Result "0-1"]
[WhiteElo "1224"]
[BlackElo "1335"]
[PlyCount "108"]
[EventDate "2003.08.01"]
[EventType "swiss"]
[EventRounds "9"]
[EventCountry "GER"]
[SourceTitle "CBM 095 Extra"]
[Source "ChessBase"]
[SourceDate "2003.09.04"]
[SourceVersion "1"]
[SourceVersionDate "2003.09.04"]
[SourceQuality "1"]

1. c4 Nf6 2. g3 g6 3. Nc3 Bg7 4. Qc2 d6 5. d3 0-0 6. Bg2 e5 7. Rb1 Bd7 8. b3 Nc6 9. Bb2 Nd4 10. Qd1 Bc6 11. Nd5 Nxd5 12. cxd5 Bd7 13. e3 Nf5 14. Nf3 c6 15. e4 Ne7 16. Ba3 cxd5 17. Bxd6 dxe4 18. dxe4 Bg4 19. Qd2 Bxf3 20. Bxf3 Re8 21. 0-0 Nc6 22. Qd5 Re6 23. Rfd1 Nd4 24. Rxd4 exd4 25. e5 Bxe5 26. Bxe5 Qxd5 27. Bxd5 Rxe5 28. Bxb7 Rd8 29. Kf1 d3 30. Bf3 h5 31. Kg2 d2 32. Kf1 Rc5 33. Rd1 Rc2 34. a3 Rc1 35. Ke2 Rxd1 36. Kxd1 Kf8 37. Kc2 Ke7 38. Be2 Ke6 39. b4 Rd4 40. Bd1 Ke5 41. Kc3 g5 42. Kb3 f5 43. a4 g4 44. f4+ Ke4 45. a5 Ke3 46. b5 Rd6 47. Kc4 Kf2 48. Kc5 Ke1 49. Ba4 d1Q 50. Bxd1 Rxd1 51. Kc6 Rb1 52. a6 Kf2 53. Kb7 Rxb5+ 54. Kxa7 Kg2 0-1

[Event "Dortmund op-B"]
[Site "Dortmund"]
[Date "2003.08.07"]
[Round "6"]
[White "Gorval, Eugen"]
[Black "Dorobeck, Ulrich"]
[Result "0-1"]
[WhiteElo "1335"]
[BlackElo "1556"]
[PlyCount "80"]
[EventDate "2003.08.01"]
[EventType "swiss"]
[EventRounds "9"]
[EventCountry "GER"]
[SourceTitle "CBM 095 Extra"]
[Source "ChessBase"]
[SourceDate "2003.09.04"]
[SourceVersion "1"]
[SourceVersionDate "2003.09.04"]
[SourceQuality "1"]

1. e4 c5 2. Nf3 d6 3. d4 cxd4 4. Nxd4 Nc6 5. Be3 g6 6. Be2 Bg7 7. Qd2 Nf6 8. Nc3 0-0 9. f3 a6 10. h4 h5 11. Nxc6 bxc6 12. Bh6 Be6 13. Qg5 Qb6 14. Rb1 Qd4 15. Rd1 Qb4 16. Bxg7 Kxg7 17. Kf1 Qxb2 18. Qe3 Qxc2 19. Rb1 Rab8 20. Kf2 Rxb1 21. Rxb1 Bxa2 22. Rc1 Qb3 23. Nxa2 Qxa2 24. Rxc6 a5 25. Qa7 Qa4 26. Ra6 Qc2 27. Qxe7 Qc5+ 28. Kf1 Rb8 29. Qxd6 Rb1+ 30. Bd1 Qc4+ 31. Ke1 Qc3+ 32. Qd2 Qc5 33. Ke2 Qc4+ 34. Qd3 Qxd3+ 35. Kxd3 Rxd1+ 36. Ke2 Ra1 37. Ke3 a4 38. Kf4 a3 39. Ke5 Nd7+ 40. Kd6 a2 0-1

[Event "Dortmund Dreikoenig-M"]
[Site "Dortmund"]
[Date "2003.01.05"]
[Round "8"]
[White "Gorval, Eugen"]
[Black "Luft, Dennis"]
[Result "0-1"]
[WhiteElo "1274"]
[BlackElo "1683"]
[PlyCount "148"]
[EventDate "2003.01.??"]
[EventType "tourn"]
[EventRounds "9"]
[EventCountry "GER"]
[SourceTitle "EXT 2005"]
[Source "ChessBase"]
[SourceDate "2004.11.15"]
[SourceVersion "1"]
[SourceVersionDate "2004.11.15"]
[SourceQuality "1"]

1. e4 e5 2. Nf3 Nc6 3. Bc4 Bc5 4. c3 Nf6 5. d4 exd4 6. cxd4 Bb4+ 7. Bd2 Bxd2+ 8. Nbxd2 d5 9. exd5 Nxd5 10. 0-0 0-0 11. Qb3 Na5 12. Qa4 Nxc4 13. Qxc4 Be6 14. Qd3 c6 15. b3 h6 16. Ne4 Bf5 17. Rfe1 Kh8 18. Qc4 Re8 19. Ne5 Qc7 20. Qc5 Bxe4 21. Rxe4 f6 22. Ng6+ Kh7 23. Rxe8 Rxe8 24. Nh4 Re4 25. Nf3 a6 26. Qc2 f5 27. g3 Qa5 28. Kf1 Qb5+ 29. Kg2 Qa5 30. Kf1 g6 31. Qc5 Qb5+ 32. Qxb5 axb5 33. Re1 Rxe1+ 34. Kxe1 Nb4 35. a4 bxa4 36. bxa4 Nd3+ 37. Kd2 Nb2 38. a5 Nc4+ 39. Kd3 Nxa5 40. Kc3 Kg7 41. Kb4 b6 42. Ne5 Kf6 43. Nd7+ Ke6 44. Nxb6 Nb7 45. Kc4 g5 46. h4 gxh4 47. gxh4 Kf6 48. Nd7+ Ke7 49. Ne5 Nd8 50. Kc5 Ne6+ 51. Kxc6 Nxd4+ 52. Kd5 Ne2 53. Nf3 Kf6 54. h5 Nc3+ 55. Kd4 Nd1 56. Kd3 Nxf2+ 57. Ke3 Nh3 58. Nd4 Ng5 59. Kf4 Ne6+ 60. Nxe6 Kxe6 61. Ke3 Ke5 62. Kf3 f4 63. Kf2 Kf5 64. Kf3 Kg5 65. Ke4 Kg4 66. Ke5 f3 67. Ke4 f2 68. Ke5 f1Q 69. Ke6 Qd3 70. Ke5 Kg5 71. Ke6 Qd4 72. Ke7 Qd5 73. Ke8 Qb7 74. Kd8 Kf6 0-1

[Event "Dortmund Dreikoenig-M"]
[Site "Dortmund"]
[Date "2003.01.05"]
[Round "7"]
[White "Zeldin, Leonid"]
[Black "Gorval, Eugen"]
[Result "1-0"]
[WhiteElo "1581"]
[BlackElo "1274"]
[PlyCount "99"]
[EventDate "2003.01.??"]
[EventType "tourn"]
[EventRounds "9"]
[EventCountry "GER"]
[SourceTitle "EXT 2005"]
[Source "ChessBase"]
[SourceDate "2004.11.15"]
[SourceVersion "1"]
[SourceVersionDate "2004.11.15"]
[SourceQuality "1"]

1. d4 e6 2. c4 Nf6 3. Nc3 c5 4. Bg5 Nc6 5. d5 exd5 6. Nxd5 Be7 7. Nxe7 Qxe7 8. e3 Qe5 9. Bxf6 Qxf6 10. Qd2 0-0 11. Nf3 Qg6 12. Qd3 Nb4 13. Qxg6 fxg6 14. Kd2 d6 15. a3 Nc6 16. Bd3 Ne5 17. Be2 Be6 18. b3 Rad8 19. Rhd1 Bg4 20. Nxe5 dxe5+ 21. Ke1 Bxe2 22. Kxe2 e4 23. Rxd8 Rxd8 24. Rd1 Rxd1 25. Kxd1 Kf7 26. f3 exf3 27. gxf3 Ke6 28. Kd2 Ke5 29. Kd3 g5 30. Ke2 h5 31. Kf2 Kf5 32. Kg3 g6 33. h3 h4+ 34. Kf2 Ke5 35. Ke2 Kf5 36. Kd3 Ke5 37. b4 b6 38. bxc5 bxc5 39. Kc3 Kd6 40. Kb3 Kc6 41. Ka4 Kb6 42. e4 Kc6 43. e5 Kd7 44. Kb5 Ke6 45. Kxc5 Kxe5 46. Kc6 Kd4 47. c5 a5 48. Kd6 Kc4 49. c6 Kb3 50. c7 1-0

[Event "Dortmund Dreikoenig-M"]
[Site "Dortmund"]
[Date "2003.01.03"]
[Round "4"]
[White "Luft, Marcel"]
[Black "Gorval, Eugen"]
[Result "0-1"]
[WhiteElo "644"]
[BlackElo "1274"]
[PlyCount "42"]
[EventDate "2003.01.??"]
[EventType "tourn"]
[EventRounds "9"]
[EventCountry "GER"]
[SourceTitle "EXT 2005"]
[Source "ChessBase"]
[SourceDate "2004.11.15"]
[SourceVersion "1"]
[SourceVersionDate "2004.11.15"]
[SourceQuality "1"]

1. e4 e6 2. Nf3 d5 3. exd5 exd5 4. Bd3 c5 5. Bb5+ Nc6 6. Qe2+ Be7 7. 0-0 Nf6 8. Ne5 Bd7 9. Nxd7 Qxd7 10. c4 0-0 11. d3 a6 12. Bxc6 bxc6 13. a3 Rfe8 14. Qc2 Qd6 15. Be3 d4 16. Bg5 Ng4 17. f4 Bxg5 18. g3 Bh6 19. h3 Ne3 20. Qf2 Nxf1 21. Qxf1 g5 0-1

[Event "GER-chT U12"]
[Site "Verden an der Aller"]
[Date "2002.12.28"]
[Round "3.4"]
[White "Kaase, Julian"]
[Black "Gorval, Eugen"]
[Result "1-0"]
[WhiteElo "1227"]
[BlackElo "1274"]
[PlyCount "77"]
[EventDate "2002.12.27"]
[EventType "team"]
[EventRounds "7"]
[EventCountry "GER"]
[SourceTitle "CBM 092 Extra"]
[Source "ChessBase"]
[SourceDate "2003.03.07"]
[SourceVersion "1"]
[SourceVersionDate "2003.03.07"]
[SourceQuality "1"]

1. d4 e6 2. c4 d5 3. Nc3 Bb4 4. Bd2 dxc4 5. e3 b5 6. Nxb5 Bxd2+ 7. Qxd2 Nf6 8. Qa5 Nd5 9. Bxc4 Nc6 10. Qd2 a6 11. Bxd5 exd5 12. Nc3 Qg5 13. f4 Qd8 14. 0-0-0 Bf5 15. Nf3 Rb8 16. Rde1 0-0 17. Ng5 h6 18. Nf3 Re8 19. h3 Nb4 20. Ne5 f6 21. g4 Bh7 22. a3 Nc2 23. Nc6 Qd6 24. Nxb8 Rxb8 25. Re2 Rxb2 26. Nd1 Qxa3 27. Qc3 Qa1+ 28. Kd2 Rb1 29. Qxa1 Rxa1 30. f5 Nb4 31. Nf2 Ra2+ 32. Ke1 a5 33. Rxa2 Nxa2 34. Ke2 g6 35. e4 gxf5 36. exf5 a4 37. Kd3 a3 38. Ra1 Nb4+ 39. Kc3 1-0